Memorias de la Academia Mexicana de la Historia : correspondiente de la Real de Madrid : octubre-diciembre de 1951 /

Esta publicación es el órgano de la Academia Mexicana de la Historia, fundada en México en 1919. En ella se presentan investigaciones

Kaydedildi:
Detaylı Bibliyografya
Diğer Yazarlar: Saravia, Atanasio G. (dirección) (dirección)
Materyal Türü: Kitap
Dil:İspanyolca
Konular:
Etiketler: Etiketle
Etiket eklenmemiş, İlk siz ekleyin!

MARC

LEADER 00000nam^a2200000^a^4500
001 000116314
005 20250521000000.0
009 20260310094125.321
037 |a Acervo ITESO - Biblioteca 
041 |a ESP 
082 |a 972. 005  |b MEM 1951 V. 4 
240 1 1 |a [Memorias de la Academia Mexicana de la Historia] 
245 1 0 |a Memorias de la Academia Mexicana de la Historia :  |b correspondiente de la Real de Madrid : octubre-diciembre de 1951 /  |c Dir. de A.G. Saravia. 
264 |a México :  |b Academia Mexicana de la Historia,  |c 1951 
300 |a p. 357-508 
336 |a texto  |b txt  |2 rdacontenido 
337 |a sin mediación  |b n  |2 rdamedio 
338 |a volumen  |b nc  |2 rdasoporte 
520 |a Esta publicación es el órgano de la Academia Mexicana de la Historia, fundada en México en 1919. En ella se presentan investigaciones 
520 |a enfocadas principalmente a la historia de México y de España. En este número se encuentran estudios acerca de Las universidades de México y de Lima; Algunos capítulos para la historia de San Francisco de Pachuca; La Huasteca y un Catálogo de los fondos del centro de documentación del Museo Nacional de Historia en el Castillo de Chapultepec. 
649 |a XX 
650 |a México -  |x Historia -  |x Publicaciones Periódicas 
650 |a España -  |x Historia -  |x Publicaciones Periódicas Mexicanas 
650 |a Universidades -  |z México -  |x Historia 
650 |a Universidades -  |z Lima, Perú -  |x Historia 
650 |a Educación -  |z México -  |x Historia 
650 |a Educación -  |z Perú -  |x Historia 
650 |a Pachuca, Hidalgo -  |x Historia 
650 |a Huasteca -  |x Historia -  |y Epoca Colonial, 1517-1821 
650 |a Museos Históricos -  |z México (Ciudad) -  |x Documentos 
650 |a Museos Históricos -  |z México (Ciudad) -  |x Catálogos 
700 |a Saravia, Atanasio G.  |e (dirección) 
910 |a Fondo Salvador Reynoso Reynoso 
920 |a Impresos - Libros 
930 |a Fondos Especiales 
905 |a 112 
901 |a 0800003136  |b IT2  |c ESP  |u 20250521 
902 |a https://opac.biblio.iteso.mx/vufind/Record/000116314